| 000 | 01022nam a2200277 a 4500 | ||
|---|---|---|---|
| 001 | 000047819 | ||
| 003 | DO-SdBNP | ||
| 005 | 20250925140653.0 | ||
| 007 | ta | ||
| 008 | 110823s2014 dr 000 0 spa d | ||
| 040 |
_aDO-SdBNP _bspa _cBNPHU |
||
| 082 | 4 |
_a343.052427293 _bR426L _222 |
|
| 110 | 1 |
_aRepública Dominicana. _b[Leyes, etc.] _9447 |
|
| 240 | 1 | 3 | _a[leyes, etc.] |
| 245 | 1 | 0 |
_aLey no. 105-13 de regulación salarial del sector público / _cPresidencia de la República, |
| 250 | _a5ta. | ||
| 260 |
_aSanto Domingo, República Dominicana : _bMinisterio de Administración Pública (MAP), _c2014. |
||
| 300 |
_a23 p. : _c21 cm. |
||
| 590 | _aInventariado, 2018 / VM | ||
| 650 | 4 |
_aDerecho laboral _xLegislación _zRepública Dominicana _97806 |
|
| 650 | 4 |
_aLegislación laboral _zRepública Dominicana _958869 |
|
| 650 | 4 |
_aLeyes _zRepública Dominicana _93033 |
|
| 710 | 1 |
_aRepública Dominicana _bMinisterio de Administración Pública _965952 |
|
| 910 | _aVMateo | ||
| 942 |
_2ddc _cLF2 |
||
| 999 |
_c47307 _d47307 |
||